Il disagio femminile in Campania : le risposte delle amministrazioni locali : rapporto Censis-Commissione pari opportunità, Regione Campania.
Saved in:
| Corporate Authors: | , |
|---|---|
| Format: | Book |
| Language: | Italian |
| Published: |
Milano :
F. Angeli,
2000.
|
| Series: | Materiali di ricerca ;
83. |
| Subjects: | |
| Tags: |
Add Tag
No Tags, Be the first to tag this record!
|
| LEADER | 00867cam a2200265Ia 4500 | ||
|---|---|---|---|
| 001 | 008564391-2 | ||
| 005 | 20020606104010.5 | ||
| 008 | 000724s2000 it 000 0 ita d | ||
| 020 | |a 8846420314 | ||
| 035 | 0 | |a ocm44642421 | |
| 040 | |a C3L |b ita |c C3L |d GZM |d HLS | ||
| 043 | |a e-it--- | ||
| 045 | |a x4x- | ||
| 082 | 1 | 4 | |a 305 |
| 090 | |a HQ1644.C35 |b D57 2000 | ||
| 245 | 0 | 3 | |a Il disagio femminile in Campania : |b le risposte delle amministrazioni locali : rapporto Censis-Commissione pari opportunità, Regione Campania. |
| 260 | |a Milano : |b F. Angeli, |c 2000. | ||
| 300 | |a 93 p. ; |c 23 cm. | ||
| 490 | 1 | |a Materiali di ricerca ; |v 83 | |
| 650 | 0 | |a Women |z Italy |z Campania |x Psychology. | |
| 710 | 2 | |a Centro studi investimenti sociali. | |
| 710 | 1 | |a Campania (Italy). |b Commissione pari opportunità. | |
| 830 | 0 | |a Materiali di ricerca ; |v 83. | |
| 988 | |a 20020608 | ||
| 906 | |0 OCLC | ||


